000 00877nam a22002177a 4500
001 EIF-V-2003-M3-028
003 OSt
005 20221114150943.0
008 221114b |||||||| |||| 00| 0 eng d
040 _aFundación Jesús Pereda
_cFundación Jesús Pereda
041 _aCastellano
100 _aDueñas Cepeda, María Jesús
_9474
111 _aEncuentro de Investigadores del Franquismo
_c(Albacete.
_d2003.
_n5º)
_997
245 _aLa educación de las niñas y niños durante el primer franquismo en Castilla y León,
_f1936-1950
_c/María Jesús Dueñas Cepeda
650 0 _9188
_aEducación
650 0 _9123
_aPrimer franquismo
651 0 _9225
_aCastilla y León
773 _tActas del V Encuentro de Investigadores del Franquismo
856 _uhttps://bibliotecaccoocyl.fundacionjesuspereda.es/cgi-bin/koha/opac-retrieve-file.pl?id=903204ade0f5b1d76f567aba7b150e91
942 _2ddc
_cCF
_n0
999 _c303
_d303